Vocabulary Click Quiz: Starting with F - Statistics

General Stats
  • This quiz has been taken 58 times
  • The average score is 16 of 20
Answer Stats
Hint Answer % Correct
Distinctive and stylish elegance flair
92%
Land left uncultivated in order to restore its fertility fallow
89%
A fleet of small ships flotilla
89%
A feeling of evil to come foreboding
89%
To leave someone, usually in a moment of need forsake
89%
A loud, proud burst of noise to gather attention fanfare
87%
A complete failure fiasco
87%
A long, fine crack in a surface fissure
87%
A mural done with watercolors on wet plaster fresco
87%
Strength in the face of adversity fortitude
84%
A unit of measurement for water depth equal to 6 feet fathom
82%
Give something useful or necessary to furnish
82%
Characterized by intense emotion fervent
79%
Become productive or fruitful fructify
76%
Easily achieved without effort facile
74%
Exhibiting an agreeably appropriate manner or style felicitous
61%
Someone who deliverately foments trouble firebrand
61%
Cause to explode violently fulminate
58%
Artificial or fake factitious
55%
Dissenting from the mainstream factious
50%
No matching quizzes found
Score Distribution
Percent of People with Each Score
Percentile by Number Answered
Your Score History
You have not taken this quiz